| 000 | 00571nam a2200217Ia 4500 | ||
|---|---|---|---|
| 003 | OSt | ||
| 005 | 20230510102205.0 | ||
| 008 | 210423s1995 xx 000 0 und d | ||
| 040 | _cAL | ||
| 041 | _aeng | ||
| 082 |
_a305.56 _223 _bANAC |
||
| 100 |
_aANANDHI (S) _9101914 |
||
| 245 | _aContending identies:dalits and secular | ||
| 260 |
_aNew Delhi _bIndian Social Institute _c1995 |
||
| 300 | _bPB | ||
| 365 |
_b40 _cINR |
||
| 650 |
_aSocial Classes _9101915 |
||
| 650 |
_aSociology _9101916 |
||
| 906 | _aContending ; identies:dalits ; secular | ||
| 942 |
_2ddc _cBK |
||
| 999 |
_c171771 _d171771 |
||